Concrete : structure, properties, and materials /

Guardado en:
Autor Principal: Mehta, Povindar Kumar.
Otros Autores: Monteiro, Paulo J. M.
Formato: Libro
Idioma:English
Publicado: Englewood Cliffs : Prentice-Hall, 1993.
Edición:2. ed.
Series:Prentice-Hall Internat. Series in Civil Engineering and Eng. Mechanics
Materias:
Etiquetas: Agregar Etiqueta
Sin Etiquetas, Sea el primero en etiquetar este registro!
LEADER 00710nam a22002055a 4500
001 EUN.um048428
003 AR-BaUNS
005 20050623122916.0
008 041125s1993####xxua##########000#0#eng#d
245 1 0 |a Concrete :  |b structure, properties, and materials /  |c Povindar Kumar Mehta, Paulo J. M. Monteiro. 
260 |a Englewood Cliffs :  |b Prentice-Hall,  |c 1993. 
300 |a 548 p. :  |b ilus. ;  |c 24,5 cm. . 
490 0 |a Prentice-Hall Internat. Series in Civil Engineering and Eng. Mechanics 
020 |a 0131756214 
100 1 |a Mehta, Povindar Kumar. 
700 1 |a Monteiro, Paulo J. M. 
082 0 4 |a 620.136 
250 |a 2. ed. 
653 |a Hormigon 
859 |a Ar-BaUNS  |b BIB. CENTRAL - Sector A  |h 620.136  |i M474  |p 104846/995